Localización, cuantificación y análisis de los asentamientos de tugurios en Costa Rica /

में बचाया:
ग्रंथसूची विवरण
मुख्य लेखक: Castro Chacón, Víctor
अन्य लेखक: Carcache Ch, Percibal
स्वरूप: मूलपाठ
प्रकाशित: San José: Instituto Mixto de Ayuda Social
टैग: टैग जोड़ें
कोई टैग नहीं, इस रिकॉर्ड को टैग करने वाले पहले व्यक्ति बनें!

MARC

LEADER 00000 a a2200000 04500
001 14406
003
040
090 |a 022700  
100 |a Castro Chacón, Víctor  
245 |a Localización, cuantificación y análisis de los asentamientos de tugurios en Costa Rica /  |c Víctor Castro Chacón 
260 |a San José:   |b Instituto Mixto de Ayuda Social  
300 |a 26 p.  
700 |a Carcache Ch, Percibal  
999 |c 11110  |d 11110